210 bài tập ngữ pháp và đọc hiểu điền từ môn tiếng Anh : Luyện thi tú tài, cao đẳng và đại học /

Guardado en:
Detalles Bibliográficos
Otros Autores: Võ Nguyễn Xuân Tùng (biên soạn.)
Formato: Sách giấy
Lenguaje:English
Publicado: H. : Thanh niên, 2009.
Materias:
Etiquetas: Agregar Etiqueta
Sin Etiquetas, Sea el primero en etiquetar este registro!
Thư viện lưu trữ: Thư viện Trường Đại học Đà Lạt
LEADER 00828nam a2200301 4500
001 DLU100113810
005 ##20101203
040 # # |a DLU  |b vie 
041 # # |a eng 
044 # # |a vn 
082 # # |a 428.007 6  |b Bai 
245 # # |a 210 bài tập ngữ pháp và đọc hiểu điền từ môn tiếng Anh :  |b Luyện thi tú tài, cao đẳng và đại học /  |c Võ Nguyễn Xuân Tùng biên soạn. 
260 # # |a H. :  |b Thanh niên,  |c 2009. 
300 # # |a 354 tr. ;  |c 21 cm. 
653 # # |a Sách bài tập 
653 # # |a Tiếng Anh 
700 # # |a Võ Nguyễn Xuân Tùng,  |e biên soạn. 
923 # # |a 10/2010 
991 # # |a GT 
992 # # |a 53000 
994 # # |a DLU 
900 # # |a True 
911 # # |a Đào Thị Thu Huyền 
925 # # |a G 
926 # # |a A 
927 # # |a SH 
980 # # |a Thư viện Trường Đại học Đà Lạt